Statistics for England Women Euro 2022 Squad

Click here to take the quiz!

General Stats

  • This quiz has been taken 497 times
  • The average score is 19 of 23

Answer Stats

HintAnswer% Correct
GKMary Earps
95%
MFLeah Williamson
92%
MFElla Toone
91%
DFLucy Bronze
91%
MFJill Scott
90%
DFMillie Bright
90%
FWAlessia Russo
89%
FWBeth Mead
89%
FWEllen White
87%
DFRachel Daly
85%
GKEllie Roebuck
84%
MFGeorgia Stanway
82%
DFAlex Greenwood
81%
FWChloe Kelly
81%
GKHannah Hampton
81%
MFKiera Walsh
80%
FWLauren Hemp
77%
MFFran Kirby
74%
FWNikita Parris
74%
FWBeth England
72%
DFJess Carter
69%
DFLotte Wubben-Moy
68%
DFDemi Stokes
60%

Score Distribution

Percentile by Number Answered

Percent of People with Each Score

Your Score History

You have not taken this quiz